Harvard Book Store Top 100 Books Quiz Stats

 Plays Quiz Updated Nov 9, 2017

Challenge
Share
Tweet
Embed
Score 0/100 Timer 15:00
3 Plays Today
# Book % Correct
8The Lord of the Rings
87.8%
2Pride and Prejudice
85.5%
23To Kill a Mockingbird
81.5%
25Harry Potter (Box Set)
78.8%
17Alice's Adventures in Wonderland
76.1%
1Jane Eyre
72.6%
44The Great Gatsby
71.3%
58Moby-Dick; or, The Whale
67.6%
36Little Women
67.5%
65The Diary of a Young Girl
67.5%
7Lolita
66.3%
33Catch-22
64.2%
12The Divine Comedy
61.1%
67The Chronicles of Narnia
58.5%
13The Handmaid's Tale
55.2%
32Crime and Punishment
55.2%
92The Odyssey
52.4%
88Hamlet
51.7%
24Great Expectations
51.6%
49The Bell Jar
51.1%
26Anna Karenina
50.5%
54The Scarlet Letter
50.4%
10Beloved
49.5%
4One Hundred Years of Solitude
49.4%
97Les Misérables
48.9%
40The Hitchhiker's Guide to the Galaxy
48.9%
9Invisible Man
45%
68For Whom the Bell Tolls
42.7%
6To The Lighthouse
42.2%
63The Stranger
40.7%
19A Wrinkle in Time
39.3%
42The Sound and the Fury
36.7%
15Mrs. Dalloway
36.4%
34His Dark Materials
35.9%
# Book % Correct
100Leaves of Grass
34.7%
39Cat's Cradle
33.2%
18Middlemarch
29.2%
28Midnight's Children
28.9%
27Dubliners
28.6%
45Their Eyes Were Watching God
28.4%
60Watership Down
25.3%
3Breakfast of Champions
21.8%
59High Fidelity
20.2%
90Infinite Jest
18.6%
50Cannery Row
17.3%
89The Age of Innocence
17%
20A Prayer for Owen Meany
16.9%
84The Unbearable Lightness of Being
16.6%
35The Heart is a Lonely Hunter
15.9%
75I, Claudius
15%
16The Master and Margarita
14.4%
93Song of Solomon
13.8%
41The Histories
13.7%
64Pale Fire
13.4%
30White Noise
13.1%
5The Wind-Up Bird Chronicle
12.5%
57Orlando: A Biography
12.3%
66Good Omens
11.8%
99Cloud Atlas
11.8%
95A Little Princess
11%
96A People's History of the United States
11%
86Nine Stories
10.2%
62The Brief Wondrous Life of Oscar Wao
9.3%
14The Amazing Adventures of Kavalier and Clay
9.2%
38A Moveable Feast
9%
80The Left Hand Of Darkness
8.9%
74Dead Souls
8.9%
46The Phantom Tollbooth
8.9%
# Book % Correct
37A Wizard of Earthsea
8.5%
94Gilead
7.2%
55Watchmen
7%
47Housekeeping
6.8%
22If on a Winter's Night a Traveler
6.2%
82The Razor's Edge
5.8%
11Ficciones
5.8%
21Slouching Towards Bethlehem
5.3%
83The Sea, The Sea
5.2%
61Half of a Yellow Sun
4.4%
98Sometimes a Great Notion
4.3%
56The Complete Stories
4.1%
43A Wild Sheep Chase
3.9%
87Drown
3.8%
85The Bone People
3.3%
31Mountains Beyond Mountains: The Quest of Dr. Paul Farmer, a Man Who Would Cure the World
3%
52Raise High the Roof Beam, Carpenters and Seymour: An Introduction
2.9%
51Hard-Boiled Wonderland and the End of the World
2.8%
29Sea of Poppies
2.7%
76In Our Time
2.4%
48Dealing with Dragons
2.3%
78Little, Big
2.1%
73Been Down So Long it Looks Like Up to Me
2%
70Haroun and the Sea of Stories
2%
91The Blue Sword
2%
53Shadow & Claw
1.9%
72Baudolino
1.9%
81The Merry Adventures of Robin Hood
1.8%
71You Shall Know Our Velocity
1.5%
77Jayber Crow
1.3%
69Enormous Changes at the Last Minute
1.1%
79Popol Vuh: The Mayan Book of the Dawn of Life
0.8%

You're not logged in!

Compare scores with friends on all Sporcle quizzes.
OR
Log In

You Might Also Like...

Show Comments

Extras

Top Quizzes Today


Score Distribution

Your Account Isn't Verified!

In order to create a playlist on Sporcle, you need to verify the email address you used during registration. Go to your Sporcle Settings to finish the process.

Report this User

Report this user for behavior that violates our Community Guidelines.

Details: